| 000 | 01394pam a2200385 i 4500 | ||
|---|---|---|---|
| 999 |
_c2218 _d2218 |
||
| 001 | 019407270 | ||
| 003 | UkOxU | ||
| 005 | 20230403092517.0 | ||
| 008 | 120223r20122008enka |0|0 1|eng d | ||
| 015 |
_aGBB220291 _2bnb |
||
| 020 | _a9780440869979 (paperback) : | ||
| 035 | _a(Uk)016038899 | ||
| 040 |
_aStDuBDS _beng _erda _cStDuBDS _dUk _dKH8 |
||
| 042 | _aukblsr | ||
| 082 | 0 | 4 |
_a823.914 WIL _223 |
| 100 | 1 |
_aWilson, Jacqueline, _eauthor. |
|
| 240 | 1 | 0 |
_aNovels. _kSelections |
| 245 | 1 | 4 |
_aThe Tracy Beaker trilogy / _cJacqueline Wilson ; illustrated by Nick Sharratt. |
| 264 | 1 |
_aLondon : _bCorgi Yearling, _c2012. |
|
| 300 |
_a572 pages : _billustrations (black and white) ; _c20 cm |
||
| 336 |
_atext _2rdacontent |
||
| 337 |
_aunmediated _2rdamedia |
||
| 338 |
_avolume _2rdacarrier |
||
| 500 | _aOriginally published: London : Doubleday, 2008. | ||
| 500 |
_aFormerly CIP. _5Uk |
||
| 505 | 0 | _aThe story of Tracey Beaker -- Starring Tracey Beaker -- The dare game. | |
| 650 | 0 |
_aBeaker, Tracy (Fictitious character) _vJuvenile fiction. |
|
| 650 | 0 |
_aChildren _xInstitutional care _vJuvenile fiction. |
|
| 650 | 0 | _aChildren's stories, English. | |
| 700 | 1 |
_aSharratt, Nick, _eillustrator. |
|
| 700 | 1 | 2 |
_aWilson, Jacqueline. _tStory of Tracey Beaker. |
| 700 | 1 | 2 |
_aWilson, Jacqueline. _tStarring Tracey Beaker. |
| 700 | 1 | 2 |
_aWilson, Jacqueline. _tDare game. |
| 942 |
_2ddc _cNFIC |
||